Procurement (Record no. 78379)

MARC details
000 -LEADER
fixed length control field 01008cab a2200193 4500
001 - CONTROL NUMBER
control field ##L136632
008 - FIXED-LENGTH DATA ELEMENTS--GENERAL INFORMATION
fixed length control field 070212n2007 000 0 eng u
035 ## - SYSTEM CONTROL NUMBER
System control number (Sirsi) u136632
041 0# - LANGUAGE CODE
Language code of text/sound track or separate title eng
100 1# - MAIN ENTRY--PERSONAL NAME
Personal name Rawlinson, Simon
245 00 - TITLE STATEMENT
Title Procurement
Remainder of title employer's agents
260 ## - PUBLICATION, DISTRIBUTION, ETC.
Date of publication, distribution, etc. 2007
490 #0 - SERIES STATEMENT
Series statement Building
Volume/sequential designation 272(8466) 9 February 2007, 58-61(4)
520 ## - SUMMARY, ETC.
Summary, etc. Examines the role of the Employer's Agent (EA), a job that has evolved with the growth in design and build procurement. Highlights the differing roles of cost consultants and project managers as EAs, and outlines the contractual and other duties of an EA. Also covers drafting the employer's requirements, assessing the bid and appointing the contractor, and post-contract administration - the formal role of the EA. Includes a case study and a payment flow chart for design and build.
590 ## - LOCAL NOTE (RLIN)
Local note KA
651 #4 - SUBJECT ADDED ENTRY--GEOGRAPHIC NAME
Geographic name United Kingdom
Chronological subdivision
690 ## - LOCAL SUBJECT ADDED ENTRY--TOPICAL TERM (OCLC, RLIN)
Topical term or geographic name as entry element BUILT ENVIRONMENT-CONSTRUCTION MANAGEMENT-BUILDING CONTRACT ADMINISTRATION
942 ## - ADDED ENTRY ELEMENTS (KOHA)
Suppress in OPAC 0
Holdings
Withdrawn status Lost status Source of classification or shelving scheme Damaged status Not for loan Home library Current library Shelving location Date acquired Total Checkouts Full call number Barcode Date last seen Copy number Price effective from Koha item type
    Dewey Decimal Classification     London London Journal article 12/02/2007   L136632 136632-1001 06/08/2019 1 06/08/2019 Journal article